| 000 | 01955cam a22002054a 4500 | ||
|---|---|---|---|
| 005 | 20250605163950.0 | ||
| 008 | 250528s ||||||||||||||||||||||||d | ||
| 035 | _a15365 | ||
| 020 | _a9608417015 | ||
| 040 |
_aGR-AtMCL _bgre _dGR-AtMCL _eAACR2 |
||
| 245 | 1 | _aΕνδοεπιχειρησιακές Επικοινωνίες | |
| 260 |
_bΑθήνα, _c1995 |
||
| 300 | _a148 | ||
| 505 | 0 | _aΠρόλογος, Το Φαινόμενο της Επικοινωνίας, Ενδοεπιχειρησιακά Κοινωνικά Φαινόμενα και Επιδράσεις στην Επικοινωνία, Βασικά Είδη Διμερούς Επικοινωνίας, Ομαδική Επικοινωνία, Συμμετοχή σε μια Επιτροπή για Λύση Προβλημάτων, Επικοινωνία με Ενέργειες και Παρατήρηση και Ακρόαση, Εκθέσεις και Αναφορές, Προβλήματα και Στρατηγικές Αποτελεσματικής Ενδοεπιχειρησιακής Επικοινωνίας, Βιβλιογραφία. | |
| 520 | _aΠρόλογος, Το Φαινόμενο της Επικοινωνίας, Ενδοεπιχειρησιακά Κοινωνικά Φαινόμενα και Επιδράσεις στην Επικοινωνία, Βασικά Είδη Διμερούς Επικοινωνίας, Ομαδική Επικοινωνία, Συμμετοχή σε μια Επιτροπή για Λύση Προβλημάτων, Επικοινωνία με Ενέργειες και Παρατήρηση και Ακρόαση, Εκθέσεις και Αναφορές, Προβλήματα και Στρατηγικές Αποτελεσματικής Ενδοεπιχειρησιακής Επικοινωνίας, Βιβλιογραφία. | ||
| 700 | 1 |
_aΚανελλόπουλος Χαράλαμπος Κ _91046 |
|
| 942 | _cBK | ||
| 999 |
_c952 _d952 |
||